Kant gnoseologiai álláspontja: második, befejező közlemény
Elmentve itt :
| Szerző: | |
|---|---|
| Adatforrás: | Philobibl |
| Forrásdokumentuma: | Bölcseleti Folyóirat /2. évf 1887., 72-84. p. |
| Dokumentumtípus: | Cikk |
| Nyelv: | magyar |
| LEADER | 00384nab a2200109 c 4500 | ||
|---|---|---|---|
| 001 | bibDOK00011453 | ||
| 005 | 20200924120704.5 | ||
| 008 | 060518s1887 hu hun | ||
| 100 | 1 | |a Palmer Mátyás | |
| 245 | 1 | 0 | |a Kant gnoseologiai álláspontja: második, befejező közlemény |c Palmer Mátyás |
| 500 | |a 1. rész: 1. évf. 1886. 385-400. p. | ||
| 773 | 0 | |t Bölcseleti Folyóirat /2. évf |g 1887., 72-84. p. | |